A Sanskrit grammar for beginners /

Bibliographic Details
Main Author: Müller, F. Max (Friedrich Max), 1823-1900
Other Authors: Macdonell, Arthur Anthony, 1854-1930
Format: Book
Language:English
Published: London : Longmans, Green, 1886.
Edition:New and abridged ed.,
Subjects:

MARC

Tag First Indicator Second Indicator Subfields
LEADER 00000cam a2200000 4500
001 in00000367021
005 20151011081235.0
008 780424s1886 enk 00110 enge
035 |a (OCoLC)03824683 
035 |9 ABP9241AM 
040 |a DLC  |c TXA  |d TXA  |d UtOrBLW 
049 |a TXAM  |c [1029695] 
090 |a PK666.A2  |b M8 1886 
100 1 |a Müller, F. Max  |q (Friedrich Max),  |d 1823-1900. 
245 1 2 |a A Sanskrit grammar for beginners /  |c by F. Max Muller. 
250 |a New and abridged ed.,  |b accented and transliterated throughout with a chapter on syntax and an appendix on classical metres by A. A. MacDonell. 
264 1 |a London :  |b Longmans, Green,  |c 1886. 
300 |a xvi, 192 pages ;  |c 19 cm. 
336 |a text  |b txt  |2 rdacontent 
337 |a unmediated  |b n  |2 rdamedia 
338 |a volume  |b nc  |2 rdacarrier 
650 0 |a Sanskrit language  |x Grammar. 
700 1 |a Macdonell, Arthur Anthony,  |d 1854-1930. 
999 |a MARS 
999 f f |s 39eb2040-ae20-3f15-bc81-ab6d672af976  |i 43ae75f0-6531-388b-bca0-dc0b1bb69b7c  |t 0 
952 f f |p ric  |a Texas A&M University  |b Rellis Campus  |c Joint Library Facility  |s JLF  |d Remote Storage  |t 0  |e PK666.A2 M8 1886  |h Library of Congress classification  |i unmediated -- volume  |m A14803639651 
998 f f |a PK666.A2 M8 1886  |t 0  |l Remote Storage